The Entire 'Sabrina Carpenter' Discography (2026) - Statistics

General Stats
  • This quiz has been taken 1,478 times
    188 since last reset
  • The average score is 50 of 128
Answer Stats
PROJECT ANSWER % Correct
Short n' Sweet Espresso
100%
Short n' Sweet Juno
87%
emails i can't send emails i can't send
80%
Man's Best Friend Manchild
80%
emails i can't send Nonsense
80%
Man's Best Friend House Tour
73%
Man's Best Friend Never Getting Laid
73%
Man's Best Friend Nobody's Son
73%
Short n' Sweet Please Please Please
73%
Short n' Sweet (Deluxe) Please Please Please (Dolly Parton Remix)
73%
Short n' Sweet Taste
73%
EVOLution Thumbs
73%
Man's Best Friend We Almost Broke Up Again Last Night
73%
Man's Best Friend When Did You Get Hot?
73%
Short n' Sweet (Deluxe) Bad Reviews
67%
Short n' Sweet Bed Chem
67%
emails i can't send bet u wanna
67%
Short n' Sweet Coincidence
67%
Short n' Sweet Don't Smile
67%
Eyes Wide Open Eyes Wide Open
67%
emails i can't send fwd: Feather
67%
Man's Best Friend Goodbye
67%
Man's Best Friend My Man on Willpower
67%
Short n' Sweet Sharpest Tool
67%
SINGLE Skin
67%
Man's Best Friend (Bonus Track Version) Such A Funny Way
67%
Man's Best Friend Sugar Talking
67%
Man's Best Friend Tears
67%
Short n' Sweet (Deluxe) 15 Minutes
60%
Short n' Sweet (Deluxe) Busy Woman
60%
Man's Best Friend Don't Worry I'll Make You Worry
60%
Short n' Sweet Dumb & Poetic
60%
Man's Best Friend Go Go Juice
60%
Short n' Sweet Good Graces
60%
Short n' Sweet Lie To Girls
60%
Short n' Sweet Slim Pickins
60%
emails i can't send Vicious
60%
emails i can't send Bad for Business
53%
emails i can't send because i liked a boy
53%
fruitcake buy me presents
53%
Eyes Wide Open Can't Blame a Girl for Trying
53%
fruitcake cindy lou who
53%
Short n' Sweet (Deluxe) Couldn't Make It Any Harder
53%
Singular Act II Looking at Me
53%
emails i can't send skinny dipping
53%
FEATURE The Life of a Showgirl
53%
CLOUDS (Music From The Disney + Original Movie) Clouds
47%
emails i can't send decode
47%
fruitcake is it new years yet?
47%
emails i can't send fwd: opposite
47%
Singular Act I Paris
47%
fruitcake santa doesn't know you like i do
47%
Singular Act I Sue Me
47%
emails i can't send fwd: things i wish you said
47%
emails i can't send Tornado Warnings
47%
Eyes Wide Open We'll Be The Stars
47%
fruitcake white xmas
47%
emails i can't send Already Over
40%
fruitcake A Nonsense Christmas
40%
emails i can't send Fast Times
40%
emails i can't send fwd: Lonesome
40%
emails i can't send Read your Mind
40%
FEATURE Take On The World - Theme Song From "Girl Meets World"
40%
Singular Act I Diamonds Are Forever
33%
SINGLE Honeymoon Fades
33%
emails i can't send how many things
33%
FEATURE On My Way
33%
EVOLution On Purpose
33%
Singular Act I prfct
33%
FEATURE Wow
33%
Singular Act I Almost Love
27%
Singular Act II Exhale
27%
Singular Act II In My Bed
27%
Singular Act I Mona Lisa
27%
Eyes Wide Open The Middle of Starting Over
27%
Eyes Wide Open Two Young Hearts
27%
SINGLE Why
27%
Singular Act I Bad Time
20%
Eyes Wide Open Best Thing I Got
20%
CLOUDS (Music From The Disney + Original Movie) Blueberries
20%
FEATURE Bring Your Love
20%
FEATURE Cupid - Twin Ver.
20%
Eyes Wide Open Darling I'm a Mess
20%
FEATURE Hands
20%
Singular Act I Hold Tight
20%
EVOLution No Words
20%
Singular Act II Pushing 20
20%
EVOLution Run and Hide
20%
Eyes Wide Open Seamless
20%
FEATURE Sign of the Times
20%
SINGLE Smoke and Fire
20%
EVOLution Space
20%
Singular Act II Take Off All Your Cool
20%
Singular Act II Tell Em
20%
FEATURE That's Not How This Works
20%
Eyes Wide Open Too Young
20%
Eyes Wide Open White Flag
20%
SINGLE Wildside - From "Adventures in Babysitting
20%
FEATURE You Need Me Now?
20%
Eyes Wide Open Your Love's Like
20%
SINGLE A Dream is a Wish Your Heart Makes/So This is Love
13%
SINGLE Alien
13%
EVOLution All We Have Is Love
13%
EVOLution Don't Want It Back
13%
EVOLution Feels Like Loneliness
13%
FEATURE First Love
13%
CLOUDS (Music From The Disney + Original Movie) Fix Me Up
13%
SINGLE Have Yourself a Merry Little Christmas
13%
CLOUDS (Music From The Disney + Original Movie) How To Go To Confession
13%
Singular Act II I Can't Stop
13%
Singular Act II I'm Fakin
13%
EVOLution Mirage
13%
Eyes Wide Open Right Now
13%
SINGLE Safe and Sound
13%
EVOLution Shadows
13%
SINGLE Silver Nights
13%
Singular Act II Take You Back
13%
FEATURE Tricky
13%
FEATURE What a Girl Wants
13%
SINGLE Christmas the Whole Year Round
7%
SINGLE Fall Apart
7%
FEATURE I'll Be Home For Christmas
7%
FEATURE I Still Haven't Found What I'm Looking For
7%
SINGLE Let Me Love You - From the Netflix film "Work It"
7%
FEATURE Perfect Song - From "Royalties"
7%
SINGLE Rescue Me
7%
FEATURE You're A Mean One, Mr. Grinch
7%
SINGLE Lie For You
0%
No matching quizzes found
Score Distribution
Percent of People with Each Score
Percentile by Number Answered
Your Score History
You have not taken this quiz since the last reset